Statistics for Countries Who Nearly Made The World Cup

Click here to take the quiz!

General Stats

  • This quiz has been taken 459 times
  • The average score is 16 of 24

Answer Stats

ContinentYear(s)Country% Correct
CAF1994,1998, 2006 and 2018Zambia
79%
CAF1998Republic of the Congo
76%
CAF1994 and 2002Zimbabwe
75%
CAF2014Ethiopia
73%
CAF2010 and 2022Mali
73%
CAF1958,1970 and 2002Sudan
73%
UEFA1938Estonia
71%
UEFA1938Latvia
71%
UEFA1986Albania
70%
CAF1998Kenya
70%
UEFA2002Belarus
69%
UEFA2022North Macedonia
69%
CAF1998Guinea
68%
CAF2010 and 2018Gabon
67%
AFC2014Oman
66%
AFC1986 and 2018Syria
66%
CAF2018Uganda
66%
CAF2010Benin
64%
CAF2002Liberia
62%
CAF2010 and 2014Burkina Faso
59%
AFC2014Jordan
58%
AFC2006 and 2010Bahrain
53%
AFC2014 and 2018Uzbekistan
51%
UEFA1954Saar
11%

Score Distribution

Percentile by Number Answered

Percent of People with Each Score

Your Score History

You have not taken this quiz